000 00477nam a2200181 a 4500
001 1759829359553
003 YourLibrary
005 20251007151346.0
008 251007s2009##################000#0#eng##
020 _a9780737743128
082 0 4 _a176
_bHAU
100 1 _aHaugen, David M.,
_eauthor.
245 1 0 _aThe Ethics of Cloning :
260 _bGreenhaven Publishing,
_c2009.
650 0 _aHealth & Fitness.
942 _cENGLISH
040 _aYourLibrary
_beng
_cYourLibrary
999 _c591168
_d591168